000 01434nam a22002537a 4500
003 Uzh_bibl
008 260408b |||||||| |||| 00| 0 ukr d
020 _a978-966-8670- 54-1
_c130.00
041 _2ukr
_aukr
080 _a502
090 _a502
_bЕ 64
100 _a-
245 _aЕкологічна енциклопедія
_cгол.ред.А.В.Толстоухов
_hТекст
260 _aКиїв
_b"Центр екологічної освіти та інформації"
_c2008
300 _a472 с.
_bіл.
_fВ опр.
490 _a"Всеукраїнська екологічна ліга"
_vТ 3.
520 _aТритомне науково-довідкове видання, в якому на основі узагальнення світового та національного досвіду наведено інформацію про теоретичні та прикладні аспекти екології. У 3 томі вміщено понад 1300 статей, 32 кольорові карти, 199 кольорових фото, 104 схеми та рисунки, 41 таблицю.
521 _aДля широкого кола читачів
546 _aукр.
650 _aДовідкове видання
653 _aЕкологія
_aЕкологічний контроль
655 _aЕнциклопедичне видання
_vУ 3 т.
942 _2udc
_cBK
999 _c17283
_d17283